000 00800 a2200205 4500
999 _c9227
_d9227
020 _a9780199838707 (hardcover : alk. paper)
050 0 0 _aHV6158.GEN2014
245 0 4 _aThe Oxford handbook of gender, sex, and crime /
_cedited by Rosemary Gartner and Bill McCarthy.
264 1 _aOxford :
_bOxford University Press,
_c[2014]
300 _aix, 723 pages ;
500 _aincludes index
504 _aIncludes bibliographical references and index.
650 0 _aCrime
_xSex differences.
650 0 _aCrime
_xSociological aspects.
650 0 _aCriminal behavior.
650 0 _aFemale offenders.
700 1 _aGartner, Rosemary,
_d1952-
942 _2lcc
_cBK
_h6158
_iGEN
_kHV